000 00442 a2200145 4500
999 _c6631
_d6631
020 _a9780003702668
050 _aP29OWE1989
100 _aOwen , Charles
_eauthor
245 _aCollins COBUILD essential English dictionary workbook /
_cCharles Owen
264 _aLondon :
_bCollins,
_c1989
300 _a31p. :
500 _aincludes table of contents
650 _aCollins COBUILD essential English dictionary.
942 _2lcc
_cBK
_h29
_iOWE
_kP